EDUCATION and international development: an introduction
Guardat en:
| Format: | Llibre |
|---|---|
| Idioma: | anglès |
| Publicat: |
: Bloomsbury Academic
2015
|
| Etiquetes: |
Afegir etiqueta
Sense etiquetes, Sigues el primer a etiquetar aquest registre!
|
MARC
| LEADER | 00000nam a22000007a 4500 | ||
|---|---|---|---|
| 008 | 210817b ||||| |||| 00| 0 eng d | ||
| 020 | |a ISBN: 978-1-4725-0697-9 | ||
| 245 | |a EDUCATION and international development: |b an introduction |g . xv, 386p. | ||
| 250 | |c Tristan McCowan and Elaine Unterhalter | ||
| 260 | |b : Bloomsbury Academic |c 2015 |h London: |i 696463 – EDM |i 696464 |l LC2605 .Ed8 |m Education – Social aspects – Developing countries. |m 2. Poor children – Education – Development countries. |m 3. Economic development – Effect of education on. |m I. McCowan Tristan, 1974- |m II. Unterhalter, Elaine. | ||
| 500 | |a “It includes index and references” | ||
| 942 | |a lcc |c BK |e j. o. ifatola |f 17/ 08/ 2021 | ||
| 952 | |0 0 |1 0 |2 lcc |4 0 |7 0 |9 3077 |a ED |b HOL |c LP |d 2021-08-17 |l 0 |r 2021-08-17 00:00:00 |w 2021-08-17 |y BK | ||
| 952 | |0 0 |1 0 |2 lcc |4 0 |6 LC2605 E D8 |7 0 |9 3078 |a ED |b HOL |c LP |d 2021-08-17 |l 0 |o LC2605 .Ed8 |p 2021-66776 |r 2021-08-17 00:00:00 |w 2021-08-17 |y BK | ||
| 999 | |c 1559 |d 1559 | ||